000 00451nam a2200169Ia 4500
005 20240614051333.0
008 240331s9999 xx 000 0 und d
020 _a8173042594
082 _bKLA
_a305
100 _aKlass, Morton
245 0 _aCaste :
_bThe emergence of the South Asian social system
260 _aNew Delhi
_bManohar Publishers & Distributors
_c1998
300 _axxv, 212 p .,
650 _aEconomy
650 _aCaste
942 _cL
999 _c1503
_d1503